Normal view
MARC view
- الصحابة والتابعون-تراجم-سعد بن ابي وقاص
Entry Topical Term
001 - CONTROL NUMBER
- control field: 20724
003 - CONTROL NUMBER IDENTIFIER
- control field: JO-AjAnu
005 - DATE AND TIME OF LATEST TRANSACTION
- control field: 20230606073612.0
008 - FIXED-LENGTH DATA ELEMENTS
- fixed length control field: 230606|| aca||aabn | a|a d
040 ## - CATALOGING SOURCE
- Original cataloging agency: JO-AjAnu
- Transcribing agency: JO-AjAnu
150 ## - HEADING--TOPICAL TERM
- Topical term or geographic name entry element: الصحابة والتابعون-تراجم-سعد بن ابي وقاص
670 ## - SOURCE DATA FOUND
- Source citation: Work cat.: (JO-AjAnu)10645: شلبي،محمود, author 20723, حياة سعد بن أبي وقاص بطل القادسية